000 00407nam a2200157Ia 4500
008 151213s9999 xx 000 0 und d
100 _aB.M. Gandhi
245 _aLandmark In Indian Legal and Constitution History
_cB.M. Gandhi
250 _aNew Edition
260 _aIndia
_bEastern Book Company
_c2007
300 _a3630 p.
650 _aLaw
650 _aLaw
700 _aB.M. Gandhi
999 _c2421
_d2421